000 00510nam a2200181Ia 4500
005 20250423095141.0
008 250422s9999 xx 000 0 und d
020 _a9781032528113
050 _aTL 220 .E44/
100 _aEdited by Abor,Kumar, Kundan
245 0 _aElectric vehicle propulsion drives and charging systems
260 _aBoca Raton
260 _bCRC Press
260 _c2024
300 _axiii, 321p.: ill.
650 _aElectric vehicles--Power supply. Battery chargers.
942 _cBK
999 _c29392
_d29392